01725cam a22004574i 4500003000900000005001700009008004100026020001500067020001800082035002000100040003300120049000900153082002100162100003100183245012400214264003900338300004400377336002100421337002500442338002300467505019100490526001000681526001000691526001000701526001000711526000800721526000800729526000800737526000800745526000800753526000800761526000800769650002000777650005400797942001400851994001400865596000600879999015700885980005501042952017001097PE-LiUPU20250731172903.0150706s2015 gw r 000 0 eng d a3161538374 a9783161538377 a(Sirsi) a166133 aPE-LiUPUbspacPE-LiUPUerda aPRUA04a296.491bD962231 aDubovský, Peter,eautor.04aThe building of the first temple :ba study in redactional, text-critical and historical perspective /cPeter Dubovsky. 1aTübingen :bMohr Siebeck,c2015. axvii, 264 páginas ;c24 centímetros atext2rdacontent aunmediated2rdamedia avolume2rdacarrier0 aIntroduction -- Restoration of temples in the ancient near east -- Did the preexilic temple change? -- Stratigrafhy of the text (1 kgs 6-8) and stratigraphy of the temple -- Conclusion. aSEG42 aSEG41 aSEG40 aSEG39 aP94 aP87 aP86 aP85 aP77 aP76 aP3504aTemplo de Dios.04aTemplo de Jerusalén (Jerusalén) en la Biblia. 2ddccBOOK aC0bPEPRU a1 a296.491 D96wLCc14872i75233f2021-11-11g5lCCODEBUL1mBULp70.00r0sYtBOOKu2017-1-16xTEOLOGIAPP850COMPRAo.STAFF. Colección Teologíad14872 81gALBERTO SANCHEZ Responsable de Automatización r2025-12-02 00:00:00i6l0o296.491 D96p75233te1v75.00w2017-01-16xPGyBKzinventario-2023-12-13102ddc50708GENfP85aBULbBULcGENd2017-01-16eCOMPRAg70.00